Rapport d'un groupe d'étude de l'OMS; N.770 Comité OMS d'experts de la pharmacodépendence,L'utilisation des médicaments esstentiels

Guardat en:
Dades bibliogràfiques
Autor principal: OMS
Format: Llibre
Idioma:Undetermined
Publicat: Genève OMS 1988
Matèries:
Etiquetes: Afegir etiqueta
Sense etiquetes, Sigues el primer a etiquetar aquest registre!
Thư viện lưu trữ: Trung tâm Học liệu Trường Đại học Cần Thơ
LEADER 00592nam a2200193Ia 4500
001 CTU_6645
008 210402s9999 xx 000 0 und d
082 |a 610.72 
082 |b O.68f/N.770 
100 |a OMS 
245 0 |a Rapport d'un groupe d'étude de l'OMS; N.770 
245 0 |b Comité OMS d'experts de la pharmacodépendence,L'utilisation des médicaments esstentiels 
245 0 |c OMS 
260 |a Genève 
260 |b OMS 
260 |c 1988 
650 |a pharmacology 
904 |i Nguyễn Quang Điền, 960821 
980 |a Trung tâm Học liệu Trường Đại học Cần Thơ